Music Quiz

Random Music Quiz
Score 0/75 Timer 14:00
0 Plays Today
% Correct
the
99%
the
99%
a
99%
and
99%
the
99%
the
99%
I
97.9%
you
89.9%
you
89.9%
you
89.9%
you
89.9%
Love
81.9%
be
79.9%
to
75.3%
on
75%
of
71.2%
of
71.2%
of
71.2%
so
69.1%
your
68.8%
when
66.7%
No
66.3%
for
66.3%
nos
66.3%
no
66.3%
If
65.3%
if
65.3%
will
63.5%
will
63.5%
are
60.8%
that
58%
one
55.6%
they
53.5%
i'll
51.7%
I'll
51.7%
but
49.3%
mine
48.6%
then
45.5%
% Correct
our
43.8%
just
39.6%
or
39.2%
their
36.5%
into
33%
into
33%
there's
30.2%
dark
26.7%
dark
26.7%
die
25.3%
follow
23.3%
follow
23.3%
close
21.5%
behind
21.2%
hell
21.2%
someday
20.5%
heaven
19.4%
light
19.1%
hands
18.1%
beside
17.7%
signs
17%
soul
17%
both
16%
vacancy
15.6%
waiting
15.3%
Illuminate
14.9%
decide
14.6%
satisfied
14.2%
white
13.9%
tight
13.9%
embarks
13.2%
blinding
11.5%
spark
11.1%
clasped
10.8%
hint
10.8%
gates
10.4%
tunnels
10.1%
Remove Ads.
Support Sporcle.
Get the best of Sporcle when you Go Orange. This ad-free experience offers more features, more stats, and more fun while also helping to support Sporcle. Thank you for becoming a member.

You're not logged in!

Compare scores with friends on all Sporcle quizzes.
OR
Log In

Show Comments

Extras

Created Nov 4, 2010ReportNominate

Top Quizzes Today


Score Distribution

Your Account Isn't Verified!

In order to create a playlist on Sporcle, you need to verify the email address you used during registration. Go to your Sporcle Settings to finish the process.

Report this User

Report this user for behavior that violates our Community Guidelines.

Details: